Les clubs de Division 1 Anglaise à plus de 15 saisons - Statistiques

Statistiques générales
  • Ce quiz a été pris 203 fois
  • Le résultat moyen est 24 sur 41
Statistiques - réponses
Nombre de saisons Club % Correct
98 Manchester United
100%
106 Arsenal
99%
94 Manchester City
99%
88 Chelsea
97%
108 Liverpool
97%
88 Tottenham Hotspur
90%
91 Newcastle United
89%
105 Aston villa
86%
114 Everton
85%
65 West Ham United
84%
53 Leeds United
81%
57 Nottingham Forest
79%
55 Leicester City
77%
46 Southampton
74%
68 Wolverhampton Wanderers
74%
23 Crystal Palace
71%
62 Sheffield United
70%
28 Fulham
63%
86 Sunderland
61%
57 Birmingham City
59%
59 Burnley
58%
66 Sheffield Wednesday
58%
27 Norwich City
56%
19 Cardiff City
50%
72 Blackburn rovers
45%
23 Queens Park Rangers (AGGUUUUERRRROOOOOO)
44%
72 Bolton Wanderers
41%
62 Stoke City
39%
82 West Bromwich Albion
39%
65 Derby Country
38%
16 Luton Town
35%
33 Portsmouth
34%
26 Ipswich Town
33%
34 Coventry City
31%
61 Middlesbrough
28%
26 Charlton Athletic
23%
32 Huddersfield Town
23%
28 Blackpool
22%
46 Preston North End
21%
30 Notts County
9%
17 Bury FC
4%
Aucun quiz correspondant
Distribution des résultats
% des personnes avec chaque résultat
Percentile par nombre de réponses
Votre historique - résultats
Vous n’avez pas pris ce quiz